00914nam a22001937a 450000500170000000800410001702000180005804000070007604100080008308200220009110000150011324500780012826000400020630000330024636500640027952003220034365000350066570000200070020240304161940.0240304b ||||| |||| 00| 0 eng d a9783030952228 cAL aeng 223a302.231bFLED aTerry Flew aDigital platform regulationb: global perspectives on internet governance aAustraliabPalgrave Macmillanc2022 axvii,319p.bPBc20.5x14.5cm. 2Generala7739b₹2843.29c₹d₹3791.00e25%f15-02-2024 aThis is an Open Access book. Provides an in-depth exploration of global policy and governance issues related to digital platform regulation Connects research in platform studies to questions of public policy Explores a wide range of digital communication platforms such as social media, search engines and app stores. 2Digital MediaaSocial Sciences aMartin, Fiona R